Learning Resource and Development

Computer programmer. (Record no. 24616)

MARC details
000 -LEADER
fixed length control field 00875cam a2200241I 4500
001 - CONTROL NUMBER
control field computerprogramm00luft
003 - CONTROL NUMBER IDENTIFIER
control field CaSfIA
005 - DATE AND TIME OF LATEST TRANSACTION
control field 20230525155303.0
007 - PHYSICAL DESCRIPTION FIXED FIELD--GENERAL INFORMATION
fixed length control field cr||||
008 - FIXED-LENGTH DATA ELEMENTS--GENERAL INFORMATION
fixed length control field 810706t19671965nyua 000 0 eng d
040 ## - CATALOGING SOURCE
Original cataloging agency TMN
Transcribing agency TMN
Modifying agency OCL
-- KSU
-- CaSfIA
035 ## - SYSTEM CONTROL NUMBER
System control number (OCoLC)7558336
050 14 - LIBRARY OF CONGRESS CALL NUMBER
Classification number QA76.28
Item number .L8 1967
092 ## - LOCALLY ASSIGNED DEWEY CALL NUMBER (OCLC)
Classification number 651.8
Item number L949
100 1# - MAIN ENTRY--PERSONAL NAME
Personal name Luftig, Milton.
245 10 - TITLE STATEMENT
Title Computer programmer.
Medium [electronic resource]
Statement of responsibility, etc. Edward C. Gruber, editor.
260 ## - PUBLICATION, DISTRIBUTION, ETC.
Place of publication, distribution, etc. New York,
Name of publisher, distributor, etc. ARCO
Date of publication, distribution, etc. [1967, c1965]
300 ## - PHYSICAL DESCRIPTION
Extent 182 p.
Other physical details illus.
490 0# - SERIES STATEMENT
Series statement Professional career examination series
650 #0 - SUBJECT ADDED ENTRY--TOPICAL TERM
Topical term or geographic name entry element Computer programming
General subdivision Ability testing.
856 41 - ELECTRONIC LOCATION AND ACCESS
Uniform Resource Identifier <a href="http://www.archive.org/details/computerprogramm00luft">http://www.archive.org/details/computerprogramm00luft</a>
Public note Free eBook from the Internet Archive
856 42 - ELECTRONIC LOCATION AND ACCESS
Uniform Resource Identifier <a href="http://www.openlibrary.org/books/OL24203942M">http://www.openlibrary.org/books/OL24203942M</a>
Public note Additional information and access via Open Library
Holdings
Withdrawn status Lost status Damaged status Not for loan Collection Home library Current library Date acquired Total Checkouts Date last seen Price effective from Koha item type
        Project Gutenberg Main Library Main Library 05/25/2023   05/25/2023 05/25/2023 EBooks